01330nam a2200313 4500001000400000003000400004005001700008008004100025020001500066040000800081041001300089082001500102100003600117240002300153245008000176260003100256300001100287520053400298650002300832650003000855650002200885650001300907650001500920650001600935650001000951655001200961655001600973700002700989209OSt20250528074014.0250203b |||||||g |||| 00| 1 eng d a8508047290 bpor hengapor a823bD754e1 aDoyle, Arthur Conan,d1859-1930 aA study in scarlet aUm estudo em vermelho /cDoyle, Arthur Conan ; Tradução de Heloisa Jahn aSão PaulobÁticac1998 a151 p. aO cadáver de um homem, nenhuma razão para o crime. É a primeira investigação de Sherlock Holmes, que fareja o assassino como um “cão de caça”. Lamentava-se de que “não há mais crimes nem criminosos nos nossos dias”, quando, nesse instante, recebe uma carta a pedir a sua ajuda — o cadáver de um homem foi encontrado numa casa desabitada, mas não há qualquer indício de roubo ou da natureza da morte. Sherlock Holmes não resiste ao apelo, mas sabe que o mérito irá sempre para a Polícia 0aLiteratura Inglesa 0aCrime e Investigação  0aRomance Policial  0aSuspense 0aMistério 0aClássicos 0aFilme 0aRomance 0aFicção  aHeloisa JahneTradutor